[Event "Chigorin Mem"]
[Site "St Petersburg RUS"]
[Date "2005.10.16"]
[Round "2"]
[White "Kuznetsova,T"]
[Black "Lelekova,O"]
[Result "1-0"]
[WhiteElo "2030"]
[BlackElo "2211"]

1.e4 c5 2.Nf3 d6 3.Bb5+ Nd7 4.a4 e6 5.O-O a6 6.Be2 Ngf6 7.Nc3 Be7 8.d4 cxd4
9.Nxd4 O-O 10.f4 Qc7 11.a5 Nc5 12.Bf3 Rb8 13.Kh1 e5 14.Nf5 Bxf5 15.exf5 e4
16.Be2 b5 17.Be3 Rfd8 18.Nd5 Qb7 19.Nxe7+ Qxe7 20.g4 Qb7 21.Qd4 Nd5 22.Bg1 Ne7
23.Rad1 Nc6 24.Qc3 b4 25.Qh3 b3 26.cxb3 Nxa5 27.f6 Qxb3 28.Qh5 Nab7 29.f5 Nd7
30.g5 d5 31.Rf4 Nd6 32.Rh4 Nf8 33.fxg7 Kxg7 34.Bd4+ Kg8 35.g6 fxg6 36.fxg6 Rd7
37.gxh7+ Nxh7 38.Qg6+ Kf8 39.Rf4+ Nf7 40.Bc5+  1-0

[Event "Chigorin Mem"]
[Site "St Petersburg RUS"]
[Date "2005.10.16"]
[Round "2"]
[White "Zaitsev,Vl2"]
[Black "Zakurdjaeva,I"]
[Result "1-0"]
[WhiteElo "2451"]
[BlackElo "2307"]

1.e4 c5 2.Nf3 d6 3.Bb5+ Bd7 4.Bxd7+ Qxd7 5.O-O Nf6 6.Qe2 Nc6 7.b3 g6 8.c3 Bg7
9.d4 cxd4 10.cxd4 O-O 11.d5 Nxd5 12.exd5 Bxa1 13.dxc6 bxc6 14.Re1 Rfe8 15.Bb2 Bxb2
16.Qxb2 e5 17.Nbd2 f5 18.Qc3 Rac8 19.b4 c5 20.bxc5 Rxc5 21.Qa3 Rec8 22.Nb3 Rc2
23.Rd1 Qc7 24.Ne1 Rc6 25.Nd3 a5 26.h4 Rc3 27.Ne1 Rd8 28.Rd5 a4 29.Qxa4 Rc4
30.Qb5 Rxh4 31.Nf3 Rc4 32.Nxe5 Rc3 33.Nf3 Rb8 34.Qa6 Rb6  1-0

[Event "31st Guernsey Open"]
[Site "Cobo Bay GCI"]
[Date "2005.10.17"]
[Round "2"]
[White "Heppell,I"]
[Black "Murray,JS"]
[Result "1/2-1/2"]
[WhiteElo "2165"]
[BlackElo "2031"]

1.e4 c5 2.Nf3 d6 3.Bb5+ Bd7 4.Bxd7+ Qxd7 5.O-O Nf6 6.e5 dxe5 7.Nxe5 Qd6 8.Re1 Nc6
9.Nc4 Qd8 10.Nc3 e6 11.d3 Be7 12.Bg5 O-O 13.Qd2 a6 14.a4 b6 15.h3 Re8 16.Bxf6 Bxf6
17.Ne4 Be7 18.Qf4 Ra7 19.Ne5 Nxe5 20.Qxe5 Rd7 21.Qc3 Rd5 22.Re3  1/2-1/2

[Event "Chigorin Mem"]
[Site "St Petersburg RUS"]
[Date "2005.10.17"]
[Round "3"]
[White "Smirnov,Arte"]
[Black "Prelovskij,R"]
[Result "1-0"]
[WhiteElo "2375"]
[BlackElo "2187"]

1.e4 c5 2.Nf3 d6 3.Bb5+ Bd7 4.Bxd7+ Qxd7 5.O-O Nc6 6.c3 Nf6 7.Qe2 e5 8.Rd1 h6
9.d4 Qc7 10.Na3 a6 11.b4 cxb4 12.cxb4 Be7 13.Bb2 b5 14.Rac1 Qb7 15.d5 Nb8
16.Nd2 O-O 17.Nb3 Bd8 18.Nc2 a5 19.a3 a4 20.Na5 Bxa5 21.bxa5 Rxa5 22.Nb4 Ra8
23.f4 Nbd7 24.fxe5 dxe5 25.h3 Rfe8 26.Kh2 Nf8 27.Rc5 Ng6 28.g3 Qd7 29.Rdc1 Ra7
30.Rc6 Rb7 31.Nd3 Qd8 32.Nc5 Rb6 33.Na6 Rb7 34.Nc5 Rb6 35.Nd3 Nd7 36.Qe3 Rb8
37.Rd6 Qe7 38.Rdc6 Qd8 39.Rd6 Qe7 40.Ra6 Qd8 41.Bc3 Qc8 42.Rc6 Qb7 43.Ba5 Qa8
44.Bc7 Rb7 45.Nb4 Nb8 46.Bxb8 Qxb8 47.d6 Nf8 48.Rc7 Ne6 49.Nc6 Qa8 50.Ne7+ Kh7
51.Qf2 Nxc7 52.dxc7 Rxc7 53.Qf5+ Kh8 54.Rxc7 Rd8 55.Nd5 Qa5 56.Qf2 f5 57.exf5 b4
58.f6 g6 59.Qd2  1-0

[Event "Chigorin Mem"]
[Site "St Petersburg RUS"]
[Date "2005.10.17"]
[Round "3"]
[White "Shchukin,D"]
[Black "Anisimov,P"]
[Result "1/2-1/2"]
[WhiteElo "2348"]
[BlackElo "2501"]

1.e4 c5 2.Nf3 d6 3.Bb5+ Nc6 4.c4 e5 5.d3 g6 6.Nc3 Bg7 7.a3 Ne7 8.b4 b6 9.Nd5 O-O
10.h3 Bb7 11.Bg5 f6 12.Bd2 a6 13.Bxc6 Bxc6 14.Qb3 Nxd5 15.cxd5 Be8 16.O-O Rf7
17.Rfc1 Bf8 18.Rab1 b5 19.Be3 Rc8 20.Rc3 Kh8 21.Rbc1 Rfc7 22.Qc2 c4 23.Bb6 cxd3
24.Bxc7 dxc2 25.Bxd8 Rxc3 26.Bxf6+ Kg8 27.Ne1 Rxa3 28.Nxc2 Rc3  1/2-1/2

[Event "Femida"]
[Site "Kharkiv UKR"]
[Date "2005.10.19"]
[Round "4"]
[White "Ivanov,AA"]
[Black "Aveskulov,V"]
[Result "1-0"]
[WhiteElo "2414"]
[BlackElo "2457"]

1.e4 c5 2.Nf3 d6 3.Bb5+ Bd7 4.Bxd7+ Qxd7 5.c4 Nf6 6.Nc3 g6 7.d4 cxd4 8.Nxd4 Bg7
9.f3 O-O 10.Be3 Nc6 11.Qd2 Qd8 12.O-O Qa5 13.Rfd1 Rfe8 14.Rac1 Nd7 15.b3 Rac8
16.Nxc6 bxc6 17.Ne2 Qxd2 18.Rxd2 c5 19.Nf4 Ne5 20.Kf2 Nc6 21.Nd5 f5 22.exf5 gxf5
23.f4 Rb8 24.h3 Rb7 25.g4 a5 26.Nc3 Bxc3 27.Rxc3 a4 28.Kf3 Reb8 29.Rdd3 Na5
30.gxf5 axb3 31.axb3 Kf7 32.Ke4 Nxb3 33.Bf2 Na5 34.Bh4 Rb6 35.f6 e6 36.f5 Re8
37.Rg3 d5+ 38.Ke5 exf5+ 39.Kxf5 Nxc4 40.Rg7+ Kf8 41.Rxh7 Re5+ 42.Kg6 Kg8
43.Rg3 Re4 44.Rc7 Nd6 45.Ra3 Ne8 46.Ra8 Re2 47.Bg5 Ree6 48.Kf5 Rxf6+ 49.Bxf6 Rxf6+
50.Ke5 Rf8 51.Rxc5 Kf7 52.Rxd5 Rh8 53.Rd7+ Kg6 54.Ra6+ Kg5 55.Ra3 Rh5 56.Rg3+ Kh4+
57.Kf4 Nf6 58.Rd4 Ra5 59.Kf3+ Kh5 60.h4 Rf5+ 61.Kg2 Nd5 62.Rf3 Re5 63.Kg3 Ne7
64.Rdf4 Re1 65.Rf7 Re4 66.R3f6 Re3+ 67.Kf2 Re5 68.Kf3 Kxh4 69.Kf4  1-0

[Event "Chigorin Mem"]
[Site "St Petersburg RUS"]
[Date "2005.10.19"]
[Round "5"]
[White "Tchernyi,V"]
[Black "Kopasov,E"]
[Result "1-0"]
[WhiteElo "2244"]
[BlackElo "2076"]

1.e4 c5 2.Nf3 d6 3.Bb5+ Bd7 4.Bxd7+ Qxd7 5.c4 Nf6 6.Nc3 g6 7.d4 cxd4 8.Nxd4 Bg7
9.f3 O-O 10.Be3 Rc8 11.b3 Nc6 12.O-O a6 13.Rc1 Qd8 14.Nde2 Nd7 15.Qd2 Qa5
16.Rfd1 Nce5 17.Bg5 Nc6 18.Be3 Nce5 19.h3 b5 20.f4 Nc6 21.cxb5 axb5 22.e5 Ndb8
23.Nd5 Rf8 24.exd6 exd6 25.Nec3 Nb4 26.Ne7+ Kh8 27.Qxd6 Nxa2 28.Nxa2 Qxa2
29.Bd4 Qxb3 30.Nxg6+ Kg8 31.Ne7+ Kh8 32.Bxg7+ Kxg7 33.Nf5+ Kg8 34.Qf6  1-0

[Event "zt 3.3"]
[Site "Beijing CHN"]
[Date "2005.10.20"]
[Round "1"]
[White "Wei Chenpeng"]
[Black "Bu Xiangzhi"]
[Result "0-1"]
[WhiteElo "2390"]
[BlackElo "2637"]

1.e4 c5 2.Nf3 d6 3.Bb5+ Nc6 4.O-O Bd7 5.Re1 Nf6 6.c3 a6 7.Bxc6 Bxc6 8.d4 Bxe4
9.Bg5 Bd5 10.Nbd2 b5 11.b3 e6 12.c4 Bb7 13.cxb5 Be7 14.bxa6 Rxa6 15.dxc5 dxc5
16.Nc4 O-O 17.Qxd8 Rxd8 18.Re2 h6 19.Be3 Nd5 20.Rc1 Bf6 21.a4 Raa8 22.Rd2 Nxe3
23.fxe3 Rdb8 24.Rd7 Bxf3 25.gxf3 Rxb3 26.a5 Rc3 27.Rdd1 Ra7 28.Kf2 g5 29.Ke2 Kg7
30.Kd2 Rb3 31.Rb1 Bc3+ 32.Kd3 Rxb1 33.Rxb1 Bxa5 34.Ra1 Bb6 35.Rxa7 Bxa7 36.f4 Bb8
37.Ke4 Kg6 38.Kf3 Kh5 39.fxg5 hxg5 40.h3 f5 41.Nd2 Bc7 42.Kg2 e5 43.e4 fxe4
44.Nxe4 c4 45.Nf6+ Kh4 46.Nd5 e4 47.Ne3 c3 48.Nf5+ Kh5 49.Nd4 Bb6 50.Nc2 Kh4  0-1

[Event "Chigorin Mem"]
[Site "St Petersburg RUS"]
[Date "2005.10.20"]
[Round "6"]
[White "Slugin,S"]
[Black "Tihonov,J"]
[Result "1/2-1/2"]
[WhiteElo "2410"]
[BlackElo "2474"]

1.e4 c5 2.Nf3 d6 3.Bb5+ Bd7 4.Bxd7+ Nxd7 5.O-O Ngf6 6.Re1 e6 7.c3 Be7 8.d4 cxd4
9.cxd4 d5 10.e5 Ne4 11.Nbd2 Nxd2 12.Bxd2 O-O 13.Qb3 Qb6 14.Rec1 Rfc8 15.Rxc8+ Rxc8
16.Qxb6 Nxb6 17.Rc1 Rxc1+ 18.Bxc1 Nc4 19.Kf1 f6 20.b3 Na5 21.g4 Nc6 22.exf6 gxf6
23.Ke2 Kf7 24.h4 f5 25.gxf5 exf5 26.h5 Nd8 27.Bh6 Bf6 28.Ke3 Ne6 29.Ne5+ Bxe5
30.dxe5 Nd8 31.Bg5 Nc6 32.f4 Ke6 33.Bh4 d4+ 34.Kd3 Kd5 35.a3 Na5 36.b4 Nc6
37.b5 Nb8 38.Bf2 a6 39.bxa6 Nxa6 40.Bxd4 Nc7 41.Bc3 Ne6 42.Ke3 Kc4  1/2-1/2

[Event "Femida"]
[Site "Kharkiv UKR"]
[Date "2005.10.21"]
[Round "6"]
[White "Ivanov,AA"]
[Black "Averjanov,A"]
[Result "1-0"]
[WhiteElo "2414"]
[BlackElo "2395"]

1.e4 c5 2.Nf3 d6 3.Bb5+ Bd7 4.Bxd7+ Qxd7 5.O-O Nc6 6.d4 cxd4 7.Nxd4 Nf6 8.Re1 g6
9.c4 Bg7 10.Nc3 O-O 11.Rb1 Rac8 12.Nf3 Ng4 13.Nd5 e6 14.Ne3 Nge5 15.Nxe5 Nxe5
16.b3 Rfd8 17.Qe2 Qc6 18.f3 Qc5 19.Kh1 a6 20.a4 Nc6 21.Bb2 Bxb2 22.Qxb2 Qe5
23.Qe2 h5 24.b4 a5 25.b5 Ne7 26.Qf2 Qc5 27.b6 Rc6 28.Rb5 Qd4 29.Qh4 Rd7 30.g4 Rc5
31.gxh5 g5 32.Qg3 Qe5 33.Qxe5 Rxe5 34.Ng4 Rxb5 35.cxb5 Rd8 36.Rc1 Nc8 37.Rc7 Nxb6
38.Rxb7 Nxa4 39.h6 Nc5 40.Nf6+ Kf8 41.Ra7 a4 42.b6 a3 43.Rxa3 Ke7 44.Ng4 f5
45.Ra7+ Nd7 46.Ne3 Kf6 47.exf5 Nxb6 48.fxe6 Kxe6 49.h7 Nd7 50.Nc2 Rh8 51.Nd4+ Ke7
52.Ra6 Rxh7 53.Nf5+ Ke6 54.Nxd6 Ke5 55.Ne4 Rg7 56.h3 Kf4 57.Kg2 Ne5 58.Ng3 Rc7
59.Rf6+ Ke3 60.Nf1+ Kd4 61.Rd6+ Kc5 62.Rd1 Ng6 63.Kg3 Re7 64.Nd2 Re5 65.Ne4+ Kc4
66.Rd6 Ne7 67.Rd8 Nf5+ 68.Kf2 Nd4 69.Rg8 Ne6 70.Ke3 Kd5 71.Ra8 Kc6 72.Ra7 Nf4
73.Ra6+ Kd7 74.h4 Ng2+ 75.Kd4 Rf5 76.h5 Ke7 77.h6 Kf7 78.Nd6+  1-0

[Event "zt 3.3"]
[Site "Beijing CHN"]
[Date "2005.10.22"]
[Round "4"]
[White "Yu Shaoteng"]
[Black "Bu Xiangzhi"]
[Result "1-0"]
[WhiteElo "2516"]
[BlackElo "2637"]

1.e4 c5 2.Nf3 d6 3.Bb5+ Nd7 4.d4 a6 5.Bxd7+ Bxd7 6.O-O cxd4 7.Qxd4 Bg4 8.Nfd2 Nf6
9.Nc4 Be2 10.Nb6 e5 11.Qb4 d5 12.Qb3 Bxf1 13.Kxf1 dxe4 14.Nc3 Rb8 15.Qa4+ Ke7
16.Bg5 Qd4 17.Qb3 Ke8 18.Bxf6 Bc5 19.Bh4 e3 20.Qa4+ Qxa4 21.Ncxa4 Bxb6 22.Nxb6 f6
23.fxe3 Rd8 24.a4 Ke7 25.Be1 Ke6 26.Bb4 g5 27.Ke2 g4 28.a5 h5 29.Ra4 Rh7
30.Bc3 Rc7 31.Rb4 Rd6 32.e4 Rc5 33.Nd5 Rd7 34.Rb6+ Rc6 35.Rxc6+ bxc6 36.Nb4 Ra7
37.Nxc6 Ra8 38.Nb4 Ra7 39.Bd2 f5 40.exf5+ Kxf5 41.Be3 Ra8 42.c4 Ke4 43.Bb6  1-0

[Event "31st Guernsey Open"]
[Site "Cobo Bay GCI"]
[Date "2005.10.22"]
[Round "7"]
[White "Heppell,I"]
[Black "De Kruif,K"]
[Result "1/2-1/2"]
[WhiteElo "2165"]
[BlackElo "2054"]

1.e4 c5 2.Nf3 d6 3.Bb5+ Bd7 4.Bxd7+ Nxd7 5.O-O Ngf6 6.Re1 e6 7.c3 Be7 8.d4 cxd4
9.cxd4 O-O 10.Nc3 Nb6 11.Bf4 Qd7 12.Qe2 Rfd8 13.Rad1 Rac8 14.h3  1/2-1/2

[Event "Femida"]
[Site "Kharkiv UKR"]
[Date "2005.10.22"]
[Round "7"]
[White "Averjanov,A"]
[Black "Aveskulov,V"]
[Result "1/2-1/2"]
[WhiteElo "2395"]
[BlackElo "2457"]

1.e4 c5 2.Nf3 d6 3.Bb5+ Nc6 4.O-O Bd7 5.Re1 Nf6 6.c3 a6 7.Bf1 Bg4 8.d3 e6
9.Nbd2 Be7 10.h3 Bh5 11.g4 Bg6 12.Nh4 Nd7 13.Nxg6 hxg6 14.f4 e5 15.Nf3 exf4
16.Bxf4 Nde5 17.Bg2 Nxf3+ 18.Qxf3 Bf6  1/2-1/2

[Event "5th Rohde Open"]
[Site "Sautron FRA"]
[Date "2005.10.22"]
[Round "1"]
[White "Fougerit,V"]
[Black "Borovikov,V"]
[Result "0-1"]
[WhiteElo "2164"]
[BlackElo "2576"]

1.e4 c5 2.Nf3 d6 3.Bb5+ Bd7 4.Bxd7+ Qxd7 5.O-O Nf6 6.e5 dxe5 7.Nxe5 Qc8 8.Qf3 e6
9.d3 Be7 10.Bf4 O-O 11.Nd2 Nd5 12.Ne4 f6 13.Nc4 Nc6 14.c3 Qd7 15.Rad1 Rad8
16.Rfe1 b5 17.Ne3 Nb6 18.Nc2 Na4 19.Bc1 Ne5 20.Qg3 Nxd3 21.Re3 c4 22.Ne1 f5
23.Ng5 f4 24.Rexd3 cxd3 25.Bxf4 Nxb2 26.Rd2 e5 27.Bxe5 Bxg5 28.Qxg5 Rf5 29.Qg3 Rxe5  0-1

[Event "Chigorin Mem"]
[Site "St Petersburg RUS"]
[Date "2005.10.22"]
[Round "8"]
[White "Lavrik,D"]
[Black "Ivanova,Ann"]
[Result "0-1"]
[WhiteElo "2262"]
[BlackElo "2075"]

1.e4 c5 2.Nf3 d6 3.Bb5+ Bd7 4.Bxd7+ Qxd7 5.O-O g6 6.c3 Bg7 7.d4 e6 8.Re1 Ne7
9.Be3 cxd4 10.cxd4 Nbc6 11.Nc3 O-O 12.Rc1 b5 13.d5 Ne5 14.Nxe5 Bxe5 15.dxe6 fxe6
16.Qd3 a6 17.Bd4 Nc6 18.Bxe5 Nxe5 19.Qh3 Rf4 20.Nd5 exd5 21.Qb3 Qf7 22.Rc7 Qxc7
23.Qxd5+ Kg7 24.Qxa8 Qc5 25.Rb1 Nd3 26.b4 Qd4 27.h3 Nxf2 28.Qa7+ Qxa7  0-1

[Event "SCG First League w"]
[Site "Vrnjacka Banja SCG"]
[Date "2005.10.22"]
[Round "6"]
[White "Bojkovic,N"]
[Black "Korbut,E"]
[Result "0-1"]
[WhiteElo "2386"]
[BlackElo "2391"]

1.e4 c5 2.Nf3 d6 3.Bb5+ Nd7 4.c3 Nf6 5.d3 a6 6.Ba4 b5 7.Bc2 e5 8.O-O g6 9.a4 Rb8
10.axb5 axb5 11.b4 Bg7 12.Ra5 Nf8 13.Na3 Bd7 14.Ra6 Bc8 15.Ra5 Bd7 16.Ra6 cxb4
17.cxb4 Qc7 18.d4 Ne6 19.dxe5 dxe5 20.Bb2 O-O 21.Bxe5 Qb7 22.Rd6 Rfd8 23.Qe2 Ra8
24.Nb1 Ne8 25.Rdd1 Bf8 26.Nc3 Bxb4 27.Nd5 Bf8 28.Rd2 Bc6 29.Nd4 Nxd4 30.Rxd4 Bxd5
31.exd5 Bg7 32.Bxg7 Kxg7 33.d6 Ra6 34.Rfd1 Raxd6 35.Rxd6 Nxd6 36.Bb3 Qc7
37.Qe5+ f6 38.Qe6 Re8 39.Qd5 Qc3 40.Kf1 Qb4 41.g3 Nc4 42.Qd3 Ne5 43.Qd5 Nc4
44.Qd7+ Re7 45.Qd4 Qa3 46.Kg1 Ne5 47.Qb6 Nf3+ 48.Kg2 Qa8 49.Qd6 Ne1+ 50.Kh3 Qg2+  0-1

[Event "Bundesliga 2005-6"]
[Site "Wattenscheid GER"]
[Date "2005.10.22"]
[Round "1"]
[White "Macieja,B"]
[Black "Ftacnik,L"]
[Result "1/2-1/2"]
[WhiteElo "2592"]
[BlackElo "2612"]

1.e4 c5 2.Nf3 d6 3.Bb5+ Bd7 4.Bxd7+ Qxd7 5.c4 Nc6 6.Nc3 g6 7.d4 cxd4 8.Nxd4 Bg7
9.Be3 Nf6 10.f3 O-O 11.O-O Rfc8 12.b3 Qd8 13.Rc1 Nd7 14.Rf2 a6 15.Nxc6 bxc6
16.Na4 c5 17.f4 Qc7 18.Rd2 Ra7 19.Qf3 Qc6 20.Rcd1 Nb6 21.Nxb6 Qxb6 22.Rd3 Rb7
23.h4 Qc6 24.h5 a5 25.hxg6 hxg6 26.f5 gxf5 27.Qxf5 Qd7 28.Qd5 Qc6 29.Qf5 Qd7
30.Qg5 Qe6 31.Bd2 Qg6 32.Qh4 Bd4+ 33.Be3 Bf6 34.Qh3 Rbb8 35.Bf4 Bd4+ 36.Kf1 Bg7
37.Kg1 Qxe4 38.Bh6 Bd4+ 39.Kh1 Be5 40.Re3 Qh7 41.Rdd3 Kh8 42.Qd7 Rd8 43.Qxe7 Re8
44.Qh4 Re6 45.Rh3 Kg8 46.Qg5+ Qg6 47.Qc1 Rbe8 48.Bf4 Bd4 49.Bd2 Re4 50.Rdg3 Rg4
51.Rxg4 Qxg4 52.Bc3 Re2 53.Qf1 Bxc3 54.Rxc3 Qh4+ 55.Rh3 Re1 56.Rxh4 Rxf1+
57.Kh2 a4 58.Rh3 Ra1 59.bxa4 Rxa2 60.Rd3 Rxa4 61.Rxd6 Rxc4 62.Rc6 Kg7 63.Kg3 f6
64.Kf3 Kg6 65.Rc8 Kf5 66.g4+ Ke6 67.Re8+ Kd7 68.Rf8 Ke7 69.Rc8 Rc1 70.Ke4 c4
71.Kf5 c3 72.Rc7+ Kd6 73.Rc8 Rf1+ 74.Ke4 Re1+ 75.Kd3 Rg1 76.Rc4 Rg3+ 77.Kc2 Kd5
78.Rf4 Ke5 79.Rc4 Rf3 80.Ra4 Rf4 81.Ra5+ Ke4 82.Kxc3 Rxg4 83.Kd2 Rg2+ 84.Ke1 f5
85.Kf1 Rb2 86.Ra3  1/2-1/2

[Event "TCh-BEL 2005-6"]
[Site "Belgium BEL"]
[Date "2005.10.23"]
[Round "2"]
[White "Dutreeuw,M"]
[Black "Roeder,M"]
[Result "1/2-1/2"]
[WhiteElo "2375"]
[BlackElo "2415"]

1.e4 c5 2.Nf3 d6 3.Bb5+ Bd7 4.Bxd7+ Qxd7 5.c4 Nf6 6.Nc3 Nc6 7.d4 cxd4 8.Nxd4 Qg4
9.Qxg4 Nxg4 10.Nxc6 bxc6 11.Bf4 g5 12.Bxg5 Ne5 13.b3 Rg8 14.Bh4 Bg7 15.Kd2 h5
16.Bg3 Ng6 17.h4 Bd4 18.Rad1 e5 19.Kc2 Ne7 20.Rhe1 f6 21.Rd3 Kf7  1/2-1/2

[Event "TCh-BEL 2005-6"]
[Site "Belgium BEL"]
[Date "2005.10.23"]
[Round "2"]
[White "Laurent,B"]
[Black "Ahn,M"]
[Result "1/2-1/2"]
[WhiteElo "2316"]
[BlackElo "2296"]

1.e4 c5 2.Nf3 d6 3.Bb5+ Bd7 4.Bxd7+ Qxd7 5.O-O Nf6 6.Re1 Nc6 7.c3 e6 8.d4 cxd4
9.cxd4 d5 10.e5 Ne4 11.Nbd2 Nxd2 12.Bxd2 Be7 13.Rc1 O-O 14.a3 a5 15.Rc3 Rfc8
16.Qc2 Bd8 17.Rc1 a4 18.h4 Ba5 19.Ng5 g6 20.Nf3 Bxc3 21.bxc3 h5 22.Bg5 Kf8
23.Qd2 Ne7 24.g4 hxg4 25.Nh2 Nf5 26.Nxg4 Qb5 27.Nf6  1/2-1/2

[Event "Essent Open"]
[Site "Hoogeveen NED"]
[Date "2005.10.23"]
[Round "3"]
[White "Weisbuch,U"]
[Black "Drost,P"]
[Result "1-0"]
[WhiteElo "2299"]
[BlackElo "2190"]

1.e4 c5 2.Nf3 d6 3.Bb5+ Nd7 4.d4 cxd4 5.Qxd4 Nf6 6.Bg5 a6 7.Bxf6 gxf6 8.Bxd7+ Qxd7
9.Nc3 Qc6 10.O-O-O Bg4 11.Rd3 Be6 12.Nd5 Bxd5 13.exd5 Qd7 14.Re1 Bg7 15.Nh4 O-O-O
16.g4 Kb8 17.Nf5 Bf8 18.Kb1 h5 19.Rh3 hxg4 20.Rxh8 Qxf5 21.Qd2 Rc8 22.Rg1 Qf3
23.Qd1 Qxd1+ 24.Rxd1 Bg7 25.Rh7 Rg8 26.Re1 Bf8 27.Rg1  1-0

[Event "Chigorin Mem"]
[Site "St Petersburg RUS"]
[Date "2005.10.23"]
[Round "9"]
[White "Vlassow,V"]
[Black "Kharitonov,E"]
[Result "1-0"]
[WhiteElo "2379"]
[BlackElo "2217"]

1.e4 c5 2.Nf3 d6 3.Bb5+ Bd7 4.Bxd7+ Qxd7 5.O-O Nc6 6.c3 Nf6 7.Re1 e6 8.d4 cxd4
9.cxd4 Be7 10.Nc3 O-O 11.d5 Ne5 12.dxe6 fxe6 13.Nxe5 dxe5 14.Qxd7 Nxd7 15.Be3 Bb4
16.Red1 Nf6 17.Nb5 Nxe4 18.Nxa7 Nf6 19.a3 Be7 20.f3 e4 21.fxe4 Nxe4 22.Nb5 Bf6
23.Bd4 Rac8 24.Re1 e5 25.Bb6 Nc5 26.Nd6 Rc6 27.Bxc5 Rxc5 28.Rac1 Rd5 29.Ne4 Bd8
30.g3 Bb6+ 31.Kg2 Rd3 32.Rc3 Rd7 33.Re2 Bd4 34.Rc4 Rdf7 35.Rec2 Rf1 36.Rc8 Rb1
37.Rxf8+ Kxf8 38.Rc8+ Kf7 39.Rc7+ Kg6 40.Rxb7 Rxb2+ 41.Rxb2 Bxb2 42.a4 Kf5
43.Kf3 h5 44.Nd6+ Ke6 45.Nc4 Bd4 46.Ke4 h4 47.g4 h3 48.Nd2 Bb6 49.Nf3 Bc7
50.Ng5+ Kd6 51.Nxh3 Kc5 52.Ng5 Kd6 53.h4 g6 54.Nf3 Ke6 55.Nd2 Bd8 56.Nf3 Bc7
57.Ng5+ Kf6 58.Kd5 Bd8 59.Nf3 Kg7 60.Kxe5  1-0

[Event "Open A"]
[Site "Arco HUN"]
[Date "2005.10.24"]
[Round "3"]
[White "Caruana,F"]
[Black "Most,Z"]
[Result "1-0"]
[WhiteElo "2373"]
[BlackElo "2161"]

1.e4 c5 2.Nf3 d6 3.Bb5+ Bd7 4.Bxd7+ Qxd7 5.O-O Nc6 6.c4 g6 7.d4 cxd4 8.Nxd4 Bg7
9.Be3 Nf6 10.f3 O-O 11.Nc3 a6 12.a4 Qd8 13.Rc1 Nxd4 14.Bxd4 Rc8 15.b3 Qa5
16.Bxf6 Bxf6 17.Nd5 Qc5+ 18.Kh1 Kg7 19.b4 Qa7 20.Qd2 Rfe8 21.Nxf6 exf6 22.Qxd6 Red8
23.Qg3 Qd4 24.Rfe1 Rxc4 25.Rxc4 Qxc4 26.e5 f5 27.h3 Re8 28.f4 Qxb4 29.Rc1 Qxa4
30.Rc7 Qb5 31.Kh2 Re6 32.Rc8 Rc6 33.Rb8 Rc2 34.e6 fxe6 35.Qa3 Rc5 36.Qa1+ e5
37.fxe5 Rxe5 38.Qc3 Kh6 39.Qd2+ Kg7 40.Qd8 Qb4 41.Qh8+  1-0

[Event "Essent Open"]
[Site "Hoogeveen NED"]
[Date "2005.10.25"]
[Round "5"]
[White "Jonkman,H"]
[Black "Rothuis,V"]
[Result "1-0"]
[WhiteElo "2446"]
[BlackElo "2313"]

1.e4 c5 2.Nf3 d6 3.Bb5+ Bd7 4.Bxd7+ Qxd7 5.O-O Nc6 6.c4 g6 7.d4 cxd4 8.Nxd4 Nf6
9.f3 Bg7 10.Be3 O-O 11.Nc3 Rfc8 12.Nde2 Qd8 13.Qd2 a6 14.b3 Rab8 15.Rac1 Qa5
16.Rfd1 Nd7 17.Bh6 Bh8 18.Nd5 Qxd2 19.Rxd2 Bg7 20.Bxg7 Kxg7 21.Kf2 Kf8 22.g4 Rd8
23.g5 e6 24.Nf6 Nxf6 25.gxf6 Rd7 26.Rcd1 Rbd8 27.Nc3 Ke8 28.Ke3 Ne5 29.h3 Nc6
30.f4 e5 31.Nd5 Nd4 32.Rc1 Ne6 33.h4 Nxf4 34.Nxf4 exf4+ 35.Kxf4 Rc7 36.Rcd1 Rc6
37.Kg5 Rc5+ 38.Rd5 Rdc8 39.Kh6 Kf8 40.Rxc5  1-0

[Event "Essent Open"]
[Site "Hoogeveen NED"]
[Date "2005.10.25"]
[Round "5"]
[White "Baklan,V"]
[Black "Kleijn,C"]
[Result "1-0"]
[WhiteElo "2590"]
[BlackElo "2059"]

1.e4 c5 2.Nf3 d6 3.Bb5+ Nd7 4.O-O a6 5.Bxd7+ Bxd7 6.Re1 Nf6 7.e5 dxe5 8.Nxe5 e6
9.d3 Be7 10.Qf3 Qc8 11.Bg5 O-O 12.Nc3 Bd8 13.a4 b6 14.Rad1 Nd5 15.Bxd8 Qxd8
16.d4 Rc8 17.dxc5 Rxc5 18.Nxd5 Rxd5 19.c4 Rxe5 20.Rxe5 Qc7 21.Re3 Bxa4 22.b3 Bc6
23.Qg3 Qb7 24.Red3 f6 25.Rd8 e5 26.Qh3  1-0

[Event "SCG First League m"]
[Site "Vrnjacka Banja SCG"]
[Date "2005.10.25"]
[Round "9"]
[White "Markovic,Miros"]
[Black "Arsovic,G"]
[Result "0-1"]
[WhiteElo "2489"]
[BlackElo "2419"]

1.e4 c5 2.Nf3 d6 3.Bb5+ Bd7 4.Bxd7+ Qxd7 5.O-O Nf6 6.e5 dxe5 7.Nxe5 Qc8 8.d4 e6
9.Nc3 Nc6 10.Nxc6 Qxc6 11.Bg5 cxd4 12.Bxf6 dxc3 13.Bxc3 Bc5 14.Qh5 O-O 15.Rfe1 f6
16.Rad1 Rad8 17.Qe2 Kf7 18.Kh1 Bb6 19.f4 Rxd1 20.Qxd1 Rd8 21.Qh5+ Kg8 22.Qg4 Kf7
23.Qh3 Bf2 24.Qh5+ Kg8 25.Rf1 Bd4 26.Rd1 Rd5 27.Qe2 Bxc3 28.bxc3 Qa6 29.Rd3 Kf7
30.h3 Qxa2 31.Re3 Qb1+ 32.Kh2 Qb6 33.c4 Rd8 34.Qh5+ Kg8 35.Qf3 a5 36.Qe2 Kf7
37.Qh5+ Kg8 38.Qe2 Qd6 39.Rd3 Qxf4+ 40.g3 Qc7 41.Qxe6+ Kf8 42.Re3 Qc5 43.Qe4 a4
44.Re2 Qe5 45.Qf3 Qc5 46.Qxb7 a3 47.c3 Re8 48.Rc2 Qxc4 49.Qg2 h5 50.h4 Kg8
51.Qd2 Ra8 52.Ra2 Qb3 53.Qe2 Rb8 54.Kh3 Qd5 55.g4 hxg4+ 56.Kxg4 Rb3 57.Rd2 Qf7
58.Qe4 Rb8 59.c4 Re8 60.Qc6 f5+ 61.Kg5 Re4 62.Qc8+ Kh7 63.Qxf5+ Qxf5+ 64.Kxf5 Rxc4
65.h5 Ra4 66.Ra2 Kh6 67.Ke5 Kxh5 68.Kf5 g5 69.Rh2+ Rh4 70.Rg2 Rf4+ 71.Ke5 Kh4
72.Rg1 Ra4  0-1

[Event "SCG First League m"]
[Site "Vrnjacka Banja SCG"]
[Date "2005.10.25"]
[Round "9"]
[White "Stojanovic,Da"]
[Black "Kovacevic,A"]
[Result "1/2-1/2"]
[WhiteElo "2459"]
[BlackElo "2548"]

1.e4 c5 2.Nf3 d6 3.Bb5+ Bd7 4.Bxd7+ Qxd7 5.O-O Nc6 6.c3 Nf6 7.d4 Nxe4 8.d5 Ne5
9.Nxe5 dxe5 10.Re1 Nf6 11.c4 O-O-O 12.Rxe5 e6 13.Nc3 Bd6 14.Re1 exd5 15.Nxd5 Nxd5
16.Qxd5 Rhe8 17.Rxe8 Qxe8 18.Qf5+ Qd7 19.Qxd7+ Rxd7 20.f4 Kc7 21.Be3 Re7
22.Kf2 Re4 23.b3 Bxf4 24.Bxc5 b6 25.Kf3 f5 26.Bf2 g5 27.Bg3 Kc6 28.Bxf4 Rxf4+
29.Ke3 Re4+ 30.Kd3 Kd6 31.Rc1 a5 32.g3 h5 33.h3 Re5 34.Rf1 Ke6 35.a3 Re4
36.b4 axb4 37.axb4 Ke5 38.Rf2 b5 39.cxb5 Rxb4 40.Re2+ Kf6 41.Ke3 h4 42.Kf2 hxg3+
43.Kxg3 Rxb5 44.Kg2 Re5 45.Ra2 f4 46.Ra6+ Kf5 47.Ra2 Rd5 48.Rb2 Rd3 49.Ra2 Ke4
50.Re2+ Re3 51.Ra2 Rg3+ 52.Kh2 Rd3 53.Kg2 Ke3 54.Rb2 Rd1 55.Rb3+ Ke4 56.Rb4+ Rd4
57.Rb2 Rd3 58.Rb4+ Kf5 59.Rb5+ Kg6 60.Rb6+ Kh5 61.Rb8 Rd2+ 62.Kf3 Rd3+ 63.Kg2 Rd2+
64.Kf3 Rh2 65.Rh8+ Kg6 66.Rg8+ Kf6 67.Rh8 Rh1 68.Kg2 Rd1 69.Rf8+ Kg7 70.Rf5 Kg6
71.Rf8 Rd2+ 72.Kf3 Rd3+ 73.Kg2 Rd6 74.Ra8 Re6 75.Ra2 Rd6 76.Rb2 Kh5 77.Rb8 Rd2+
78.Kf3 Rd3+ 79.Kg2 Rg3+ 80.Kh2 Kg6 81.Rb6+ Kh5 82.Rb8 Re3 83.Kg2 Re6 84.Ra8 Rh6
85.Rg8 Rh7 86.Rf8 Kg6 87.Ra8 Re7 88.Ra2 Kf5 89.Rb2 Re5 90.Ra2 g4 91.hxg4+ Kxg4
92.Kf2 Rh5 93.Ra3 Rh2+ 94.Kg1 Rd2 95.Rb3 Rc2 96.Ra3 Rc1+ 97.Kf2 Rh1 98.Kg2 Re1
99.Kf2  1/2-1/2

[Event "Essent Open"]
[Site "Hoogeveen NED"]
[Date "2005.10.27"]
[Round "7"]
[White "Ernst,S"]
[Black "Rothuis,V"]
[Result "1/2-1/2"]
[WhiteElo "2473"]
[BlackElo "2313"]

1.e4 c5 2.Nf3 d6 3.Bb5+ Bd7 4.a4 a6 5.Bxd7+ Nxd7 6.O-O Ngf6 7.Qe2 e6 8.d3 Be7
9.Ng5 Nb8 10.f4 Nc6 11.c3 d5 12.f5 e5 13.exd5 Qxd5 14.Nd2 O-O-O 15.Nc4 Kb8
16.Ne3 Qxd3 17.Qf3 e4 18.Qg3+ Bd6 19.Qf2 Ne5 20.Rd1 h6 21.Rxd3 Nxd3 22.Nxf7 Bxh2+
23.Kf1 Nxf2 24.Kxf2 Bc7 25.Nxh8 Rxh8 26.Bd2 Rd8 27.Ke2 Nh5 28.Nf1 Nf4+ 29.Ke3 Nxg2+
30.Kxe4 Nh4 31.f6 gxf6 32.Bxh6 f5+ 33.Ke3 f4+ 34.Ke4 Re8+ 35.Kd3 Re6 36.Bf8 b6
37.a5 Ng6 38.axb6 Bxb6 39.Bg7 Re7 40.Bh6 Kb7 41.Nd2 Re3+ 42.Kc2 Rh3 43.Bg7 Rh2
44.Kd3 f3 45.Nxf3 Rh7 46.Be5 Rh3 47.Ke4 Rxf3 48.Kxf3 Nxe5+ 49.Ke4 Nc4 50.Ra2 Kc6
51.b3 Nd6+ 52.Kd3  1/2-1/2

[Event "SCG First League m"]
[Site "Vrnjacka Banja SCG"]
[Date "2005.10.27"]
[Round "11"]
[White "Zvjaginsev,V"]
[Black "Efimenko,Z"]
[Result "1/2-1/2"]
[WhiteElo "2659"]
[BlackElo "2637"]

1.e4 c5 2.Nf3 d6 3.Bb5+ Bd7 4.Bxd7+ Qxd7 5.O-O Nf6 6.Re1 Nc6 7.c3 e6 8.d4 cxd4
9.cxd4 d5 10.e5 Ne4 11.Nbd2 Nxd2 12.Bxd2 Be7 13.Rc1 O-O 14.Rc3 Rac8 15.a3 Rc7
16.Rd3 Bd8 17.h4 Ne7 18.h5 Qb5 19.Bb4 Re8 20.Bd6 Rc4 21.Nd2 Rc8 22.Rb3 Qd7
23.Bxe7 Bxe7 24.Nf1 h6 25.Qd2 b6 26.Ne3 Bg5 27.Rf1 Qa4 28.Rc3 Bxe3 29.fxe3 Rxc3
30.Qxc3 Rf8 31.Rc1 Qb5 32.Qc2 Kh8 33.Qd2 Qd7 34.Qb4  1/2-1/2

[Event "9th Bavarian Open"]
[Site "Bad Wiessee GER"]
[Date "2005.10.29"]
[Round "1"]
[White "Schirmer,W"]
[Black "Miroshnichenko,E"]
[Result "0-1"]
[WhiteElo "2061"]
[BlackElo "2634"]

1.e4 c5 2.Nf3 d6 3.Bb5+ Nd7 4.c4 Nf6 5.Nc3 g6 6.O-O Bg7 7.d4 cxd4 8.Nxd4 O-O
9.Bxd7 Bxd7 10.f3 Rc8 11.b3 a6 12.a4 Qa5 13.Nce2 e5 14.Nc2 Qb6+ 15.Ne3 d5
16.Kh1 d4 17.Nd5 Nxd5 18.exd5 a5 19.Ba3 Rfe8 20.Nc1 f5 21.Nd3 g5 22.c5 Qg6
23.Rc1 Qf7 24.d6 Qh5 25.b4 e4 26.fxe4 Qxd1 27.Rfxd1 fxe4 28.c6 Rxc6 29.Nc5 Rxd6
30.bxa5 e3 31.Nxb7 Rd5 32.Nd6 Rxd6 33.Bxd6 Bxa4 34.Rg1 d3 35.Bb4 d2  0-1